000 00231nam a22001097a 4500
041 _aeng
080 _a80
100 _aHardie, Ronald G.
245 _aCollins gem. Diction. of english usage.
650 _aReference
999 _c279758
_d279758
942 _cBK